Những ngọn cờ trên tháp

Gorde:
Xehetasun bibliografikoak
Egile nagusia: Anton S Makarenko
Formatua: Liburua
Hizkuntza:Undetermined
Argitaratua: Matxcơva Cầu Vồng 1982
Gaiak:
Etiketak: Etiketa erantsi
Etiketarik gabe, Izan zaitez lehena erregistro honi etiketa jartzen!
Thư viện lưu trữ: Trung tâm Học liệu Trường Đại học Cần Thơ
LEADER 00464nam a2200169Ia 4500
001 CTU_15928
008 210402s9999 xx 000 0 und d
082 |a 891.743 
082 |b M235 
100 |a Anton S Makarenko 
245 0 |a Những ngọn cờ trên tháp 
245 0 |c Anton S Makarenko 
260 |a Matxcơva 
260 |b Cầu Vồng 
260 |c 1982 
650 |a russian fiction 
980 |a Trung tâm Học liệu Trường Đại học Cần Thơ